[Event "UK Blitz Championship"]
[Site "Leamington"]
[Date "2025.11.22"]
[Round "1.1"]
[White "Waldhausen Gordon, Frederick"]
[Black "D'Costa, Lorin AR"]
[Result "1/2-1/2"]
[WhiteElo "2406"]
[BlackElo "2349"]
[PlyCount "151"]
[EventDate "2025.11.22"]
[EventType "tourn (blitz)"]
[EventRounds "15"]
[EventCountry "GBR"]
[SourceTitle "BritBase"]
[Source "John Saunders"]
[SourceDate "2025.11.23"]
[SourceVersion "1"]
[SourceVersionDate "2025.11.23"]
[SourceQuality "1"]

1. e4 c5 2. Nf3 e6 3. b3 b6 4. Bb2 Bb7 5. Nc3 Nc6 6. g3 d6 7. Bg2 Nf6 8. d4 cxd4 9. Nxd4 Rc8 10. O-O Be7 11. Re1 O-O 12. Qd2 a6 13. Rad1 Qc7 14. Nce2 b5 15. Rc1 Rfd8 16. Nxc6 Bxc6 17. Nd4 Bb7 18. c4 bxc4 19. Rxc4 Qb8 20. Rxc8 Rxc8 21. f3 h6 22. Rc1 Nd7 23. Rxc8+ Qxc8 24. Qc3 Qxc3 25. Bxc3 d5 26. exd5 Bxd5 27. Kf2 Kf8 28. Ke2 Bf6 29. Ke3 Ke7 30. Bf1 Bb7 31. Bb4+ Kd8 32. f4 Kc8 33. Ba5 Be7 34. b4 Nf6 35. a3 Ng4+ 36. Kd2 Bf6 37. Nb3 Nxh2 38. Be2 g6 39. Nc5 h5 40. Nxa6 h4 41. gxh4 Bxh4 42. Nc5 Bd5 43. Ke3 g5 44. fxg5 Bxg5+ 45. Kf2 Bf4 46. Nd3 Bd6 47. Bb6 f5 48. Bd4 Ng4+ 49. Bxg4 fxg4 50. Be5 Be7 51. Kg3 Bf3 52. Nf2 Kb7 53. Nxg4 Bd1 54. Ne3 Bb3 55. Kf4 Ka6 56. Ke4 Kb5 57. Bc3 Ka4 58. Bb2 Bg5 59. Nf1 Bh6 60. Bf6 Kxa3 61. Ke5 Kxb4 62. Ng3 Bd2 63. Ne4 Bc1 64. Be7+ Kc4 65. Kxe6 Kd4+ 66. Kf5 Bc2 67. Bf6+ Kd5 68. Ba1 Bxe4+ 69. Kf6 Be3 70. Bc3 Bc5 71. Bb2 Bb6 72. Kg7 Bd8 73. Kh8 Ke6 74. Bc3 Kf7 75. Bb2 Be7 76. Bc3 1/2-1/2

[Event "UK Blitz Championship"]
[Site "Leamington"]
[Date "2025.11.22"]
[Round "1.2"]
[White "Ganti, Shriaansh"]
[Black "Czopor, Maciej"]
[Result "0-1"]
[WhiteElo "2126"]
[BlackElo "2377"]
[PlyCount "86"]
[EventDate "2025.11.22"]
[EventType "tourn (blitz)"]
[EventRounds "15"]
[EventCountry "GBR"]
[SourceTitle "BritBase"]
[Source "John Saunders"]
[SourceDate "2025.11.23"]
[SourceVersion "1"]
[SourceVersionDate "2025.11.23"]
[SourceQuality "1"]

1. e4 c5 2. Nf3 e6 3. c3 Nf6 4. e5 Nd5 5. d4 cxd4 6. Bc4 Nb6 7. Bb3 d6 8. exd6 Bxd6 9. cxd4 O-O 10. O-O Bd7 11. Nc3 Bc6 12. Re1 N8d7 13. Ne4 Bxe4 14. Rxe4 Nf6 15. Re1 Rc8 16. Bg5 Be7 17. Qd3 Nfd5 18. Bxe7 Qxe7 19. Re5 Qf6 20. Rae1 g6 21. h4 Rfd8 22. Qe4 Nc4 23. Bxc4 Rxc4 24. h5 Kg7 25. Nd2 Rc7 26. g3 Ne7 27. Qg4 Nc6 28. R5e4 Rxd4 29. Nf3 Rxe4 30. Qxe4 Qf5 31. Qe3 Qxh5 32. Nd4 Qd5 33. Nxc6 Rxc6 34. a3 h5 35. Qxa7 Rc2 36. Qe3 Rxb2 37. Qc3+ Kh7 38. Qxb2 h4 39. Qe2 h3 40. Qe4 Qd2 41. Qe3 Qd5 42. Qe4 Qd2 43. Qe3 Qd5 0-1

[Event "UK Blitz Championship"]
[Site "Leamington"]
[Date "2025.11.22"]
[Round "1.3"]
[White "Bazakutsa, Svyatoslav"]
[Black "Gormally, Daniel W"]
[Result "1/2-1/2"]
[WhiteElo "2404"]
[BlackElo "2485"]
[PlyCount "96"]
[EventDate "2025.11.22"]
[EventType "tourn (blitz)"]
[EventRounds "15"]
[EventCountry "GBR"]
[SourceTitle "BritBase"]
[Source "John Saunders"]
[SourceDate "2025.11.23"]
[SourceVersion "1"]
[SourceVersionDate "2025.11.23"]
[SourceQuality "1"]

1. b3 d5 2. Bb2 c6 3. Nf3 Bg4 4. g3 Bxf3 5. exf3 Nd7 6. Bg2 e6 7. O-O Ngf6 8. f4 g6 9. c4 Bg7 10. d4 O-O 11. Nd2 Ne8 12. Nf3 Nd6 13. Qe2 a5 14. Ne5 Re8 15. a4 Nf5 16. Rfd1 Nxe5 17. fxe5 Qb6 18. Rd3 Rad8 19. c5 Qc7 20. Qe1 b6 21. Rc1 Bf8 22. Bh3 bxc5 23. dxc5 Rb8 24. Bxf5 exf5 25. Qd1 Rb4 26. Bc3 Re4 27. Bd4 f4 28. f3 Rxd4 29. Rxd4 fxg3 30. hxg3 Qxe5 31. Kg2 h5 32. f4 Qe6 33. Qf3 Bg7 34. Rd2 Qf5 35. Re2 Rxe2+ 36. Qxe2 h4 37. Qe8+ Bf8 38. Qe3 hxg3 39. Kxg3 Bg7 40. Qe8+ Bf8 41. Qe3 Bg7 42. Rh1 Qc2 43. Qe8+ Bf8 44. Qe5 Bg7 45. Qe8+ Bf8 46. Qe5 Bg7 47. Qe8+ Bf8 48. Qe5 Bg7 1/2-1/2

[Event "UK Blitz Championship"]
[Site "Leamington"]
[Date "2025.11.22"]
[Round "1.4"]
[White "Siva, Mahadevan"]
[Black "Vijayakumar, Rishi"]
[Result "0-1"]
[WhiteElo "2365"]
[BlackElo "2399"]
[PlyCount "67"]
[EventDate "2025.11.22"]
[EventType "tourn (blitz)"]
[EventRounds "15"]
[EventCountry "GBR"]
[SourceTitle "BritBase"]
[Source "John Saunders"]
[SourceDate "2025.11.23"]
[SourceVersion "1"]
[SourceVersionDate "2025.11.23"]
[SourceQuality "1"]

1. Nf3 d5 2. g3 g6 3. Bg2 Bg7 4. d4 Nf6 5. O-O O-O 6. c4 dxc4 7. Na3 c3 8. bxc3 c5 9. e3 Nc6 10. Qe2 Bf5 11. Rd1 Qa5 12. Bb2 Rfd8 13. Nd2 cxd4 14. cxd4 Bg4 15. Bf3 Qh5 16. Rab1 Bxf3 17. Qxf3 Qxf3 18. Nxf3 Ne4 19. Rdc1 Nb4 20. Rc7 Nd3 21. Rxe7 Nexf2 22. Ba1 b6 23. Nb5 Re8 24. Rxe8+ Rxe8 25. Rf1 Ng4 26. Nxa7 Nxe3 27. Rb1 Nc2 28. Bc3 Ra8 29. Nc6 Rxa2 30. Rxb6 Ne3 31. Rb8+ Bf8 32. Ne7+ Kg7 33. d5+ Kh6 34. Bd2 0-1

[Event "UK Blitz Championship"]
[Site "Leamington"]
[Date "2025.11.22"]
[Round "1.5"]
[White "Badacsonyi, Stanley"]
[Black "Collins, Adam"]
[Result "1-0"]
[WhiteElo "2447"]
[BlackElo "2271"]
[PlyCount "55"]
[EventDate "2025.11.22"]
[EventType "tourn (blitz)"]
[EventRounds "15"]
[EventCountry "GBR"]
[SourceTitle "BritBase"]
[Source "John Saunders"]
[SourceDate "2025.11.23"]
[SourceVersion "1"]
[SourceVersionDate "2025.11.23"]
[SourceQuality "1"]

1. d4 d5 2. c4 e6 3. Nc3 Nf6 4. cxd5 exd5 5. Bg5 c6 6. e3 Bd6 7. Bd3 O-O 8. Nge2 Re8 9. h3 a5 10. Qc2 h6 11. Bh4 Na6 12. a3 Nc7 13. O-O Ne6 14. Rae1 Ng5 15. f4 Nxh3+ 16. gxh3 Rxe3 17. Ng3 Bxf4 18. Nh5 Rxe1 19. Nxf6+ gxf6 20. Qg2+ Bg5 21. Bxe1 Qe7 22. Bf2 Kh8 23. h4 Be3 24. Re1 Bxf2+ 25. Qxf2 Be6 26. Qf4 Rg8+ 27. Kh2 Kg7 28. Rg1+ 1-0

[Event "UK Blitz Championship"]
[Site "Leamington"]
[Date "2025.11.22"]
[Round "1.6"]
[White "Kozusek, Daniel"]
[Black "Maroroa Jones, Gawain C B"]
[Result "1/2-1/2"]
[WhiteElo "2316"]
[BlackElo "2663"]
[PlyCount "103"]
[EventDate "2025.11.22"]
[EventType "tourn (blitz)"]
[EventRounds "15"]
[EventCountry "GBR"]
[SourceTitle "BritBase"]
[Source "John Saunders"]
[SourceDate "2025.11.23"]
[SourceVersion "1"]
[SourceVersionDate "2025.11.23"]
[SourceQuality "1"]

1. d4 Nf6 2. Bg5 g6 3. Bxf6 exf6 4. e3 d5 5. c4 dxc4 6. Bxc4 Bd6 7. Nc3 c6 8. Nf3 Nd7 9. O-O O-O 10. Rc1 Nb6 11. Bb3 Re8 12. Re1 Kg7 13. e4 Bf4 14. Rc2 Bc7 15. Rd2 Bf4 16. Rd3 Qe7 17. h3 c5 18. Nd5 Nxd5 19. exd5 Qd8 20. Rxe8 Qxe8 21. dxc5 Bf5 22. Rd4 Be4 23. Nd2 f5 24. Nxe4 fxe4 25. d6 Rd8 26. Rd5 Be5 27. Qe2 b6 28. c6 Rxd6 29. Rxd6 Bxd6 30. Qc4 Qe7 31. Qd4+ Be5 32. Qc4 h5 33. Kf1 Bc7 34. Qd4+ Qe5 35. Qxe5+ Bxe5 36. Bd5 f5 37. b3 Kf6 38. Ke2 h4 39. f3 exf3+ 40. Bxf3 Bd6 41. Kd3 Ke5 42. Kc4 a6 43. Kd3 g5 44. a4 Bc7 45. Ke3 b5 46. axb5 axb5 47. Be2 b4 48. Bf3 Kd6 49. Kd4 g4 50. hxg4 fxg4 51. Bxg4 Kxc6 52. Kc4 1/2-1/2

[Event "UK Blitz Championship"]
[Site "Leamington"]
[Date "2025.11.22"]
[Round "1.7"]
[White "Wells, Peter K"]
[Black "Gasanov, Eldar"]
[Result "0-1"]
[WhiteElo "2384"]
[BlackElo "2425"]
[PlyCount "62"]
[EventDate "2025.11.22"]
[EventType "tourn (blitz)"]
[EventRounds "15"]
[EventCountry "GBR"]
[SourceTitle "BritBase"]
[Source "John Saunders"]
[SourceDate "2025.11.23"]
[SourceVersion "1"]
[SourceVersionDate "2025.11.23"]
[SourceQuality "1"]

1. Nf3 d6 2. d4 g6 3. c4 f5 4. Nc3 Nf6 5. Bg5 Bg7 6. Bxf6 Bxf6 7. e4 Nc6 8. h4 e6 9. Qd2 O-O 10. O-O-O e5 11. dxe5 Nxe5 12. Nxe5 Bxe5 13. f4 Bxc3 14. Qxc3 fxe4 15. c5 Be6 16. h5 g5 17. h6 Qe7 18. fxg5 Rf5 19. Kb1 Rxc5 20. Qd4 Qxg5 21. Rh5 Qg6 22. Rxc5 dxc5 23. Qxc5 Qxh6 24. Bc4 Re8 25. Bxe6+ Qxe6 26. Qg5+ Qg6 27. Qd5+ Qe6 28. Qg5+ Kh8 29. Rh1 e3 30. Rh6 Qe4+ 31. Kc1 Qc4+ 0-1

[Event "UK Blitz Championship"]
[Site "Leamington"]
[Date "2025.11.22"]
[Round "1.8"]
[White "Balaji, Aaravamudhan"]
[Black "Banerjee, Supratit"]
[Result "0-1"]
[WhiteElo "2379"]
[BlackElo "2327"]
[PlyCount "100"]
[EventDate "2025.11.22"]
[EventType "tourn (blitz)"]
[EventRounds "15"]
[EventCountry "GBR"]
[SourceTitle "BritBase"]
[Source "John Saunders"]
[SourceDate "2025.11.23"]
[SourceVersion "1"]
[SourceVersionDate "2025.11.23"]
[SourceQuality "1"]

1. b4 Nf6 2. Bb2 d6 3. Nf3 g6 4. d4 Bg7 5. e3 O-O 6. Be2 a5 7. b5 Nbd7 8. O-O a4 9. c4 c6 10. a3 cxb5 11. cxb5 Nb6 12. Nc3 Be6 13. Rc1 Bb3 14. Qd2 e5 15. Rfd1 Bxd1 16. Rxd1 e4 17. Ne1 d5 18. Nb1 Qd7 19. Bc3 Rfc8 20. Bb4 Nc4 21. Qa2 Qxb5 22. Nd2 Qc6 23. Nxc4 dxc4 24. Bc5 b6 25. Bb4 Nd5 26. Nc2 Bf8 27. Qb2 c3 28. Qa2 Bxb4 29. axb4 b5 30. Rb1 Rab8 31. h3 h5 32. Qa3 Qd6 33. Qa2 Nb6 34. Bxb5 Nd5 35. Qxa4 Rb6 36. Be2 Rcb8 37. b5 Qc7 38. Qa2 Ne7 39. Qb3 Nc8 40. Qd5 Nd6 41. h4 Qe7 42. g3 Qb7 43. Qc5 Nxb5 44. Rb3 Nxd4 45. Nxd4 Rxb3 46. Nxb3 Qxb3 47. Qc7 c2 48. Kg2 Qb2 49. Bc4 Rf8 50. Qd6 Kg7 0-1

[Event "UK Blitz Championship"]
[Site "Leamington"]
[Date "2025.11.22"]
[Round "2.1"]
[White "D'Costa, Lorin AR"]
[Black "Banerjee, Supratit"]
[Result "1-0"]
[WhiteElo "2349"]
[BlackElo "2327"]
[PlyCount "121"]
[EventDate "2025.11.22"]
[EventType "tourn (blitz)"]
[EventRounds "15"]
[EventCountry "GBR"]
[SourceTitle "BritBase"]
[Source "John Saunders"]
[SourceDate "2025.11.23"]
[SourceVersion "1"]
[SourceVersionDate "2025.11.23"]
[SourceQuality "1"]

1. Nf3 Nf6 2. c4 g6 3. b3 Bg7 4. Bb2 O-O 5. g3 d6 6. Bg2 e5 7. d3 a5 8. Nc3 Nc6 9. O-O Re8 10. h3 h6 11. e4 Nd7 12. Nd5 Nc5 13. a3 Ne6 14. b4 Ncd4 15. Nxd4 exd4 16. f4 c6 17. f5 cxd5 18. fxe6 fxe6 19. exd5 Qg5 20. g4 e5 21. Bc1 Qh4 22. Bd2 Bd7 23. b5 b6 24. Be1 Qg5 25. Bd2 Qh4 26. Be1 Qe7 27. Be4 Rf8 28. Rxf8+ Rxf8 29. Ra2 h5 30. Rf2 hxg4 31. hxg4 Rf4 32. Rxf4 exf4 33. Bf3 Be5 34. Bf2 Kg7 35. Kg2 Qf6 36. Qe2 Qd8 37. Qf1 Qg5 38. Qe2 Bf5 39. Kf1 Bd7 40. Ke1 Qf6 41. Kd1 Qf7 42. Qe4 Qf6 43. Kc2 g5 44. Qe1 Bc8 45. Qh1 Bd7 46. Qh3 Be8 47. Qf1 Bg6 48. Qe2 Qd8 49. Be4 Bf7 50. Qf1 Qh8 51. Qg1 Qh3 52. Bxd4 Bxd4 53. Qxd4+ Kg8 54. Qxb6 Qxg4 55. Qxd6 Qe2+ 56. Kc3 Qe1+ 57. Kd4 Qa1+ 58. Kc5 Qxa3+ 59. Kc6 Qb3 60. Qd8+ Kg7 61. Qd7 1-0

[Event "UK Blitz Championship"]
[Site "Leamington"]
[Date "2025.11.22"]
[Round "2.2"]
[White "Gasanov, Eldar"]
[Black "Balaji, Aaravamudhan"]
[Result "1-0"]
[WhiteElo "2425"]
[BlackElo "2379"]
[PlyCount "73"]
[EventDate "2025.11.22"]
[EventType "tourn (blitz)"]
[EventRounds "15"]
[EventCountry "GBR"]
[SourceTitle "BritBase"]
[Source "John Saunders"]
[SourceDate "2025.11.23"]
[SourceVersion "1"]
[SourceVersionDate "2025.11.23"]
[SourceQuality "1"]

1. d4 g6 2. e4 Bg7 3. c4 d6 4. Nc3 Nf6 5. h3 O-O 6. Bg5 c5 7. d5 h6 8. Be3 Qa5 9. Bd3 e6 10. Nf3 exd5 11. exd5 b5 12. O-O bxc4 13. Bxc4 Ba6 14. Nd2 Nfd7 15. Bxa6 Qxa6 16. Nf3 Nb6 17. Qc2 N8d7 18. Bf4 Ne5 19. Nxe5 dxe5 20. Be3 Rac8 21. d6 Nc4 22. Qd3 Rc6 23. Ne4 Nxe3 24. Qxe3 Qb5 25. Rfd1 f5 26. Nc3 Qc4 27. Nd5 Kh7 28. Ne7 Rb6 29. Rac1 Qxa2 30. Rxc5 Qe6 31. Rcd5 Rd8 32. Qc5 Qd7 33. b4 Rdb8 34. b5 Rxb5 35. Qxb5 Rxb5 36. Rxb5 Qxb5 37. d7 1-0

[Event "UK Blitz Championship"]
[Site "Leamington"]
[Date "2025.11.22"]
[Round "2.3"]
[White "Maroroa Jones, Gawain C B"]
[Black "Wells, Peter K"]
[Result "1/2-1/2"]
[WhiteElo "2663"]
[BlackElo "2384"]
[PlyCount "43"]
[EventDate "2025.11.22"]
[EventType "tourn (blitz)"]
[EventRounds "15"]
[EventCountry "GBR"]
[SourceTitle "BritBase"]
[Source "John Saunders"]
[SourceDate "2025.11.23"]
[SourceVersion "1"]
[SourceVersionDate "2025.11.23"]
[SourceQuality "1"]

1. Nf3 c5 2. c4 Nc6 3. Nc3 g6 4. e3 Nf6 5. d4 cxd4 6. exd4 d5 7. c5 Bg4 8. Bb5 Bxf3 9. Qxf3 Bg7 10. Bf4 O-O 11. Bxc6 bxc6 12. O-O Nd7 13. Rfd1 e5 14. dxe5 Nxe5 15. Qg3 Re8 16. h4 h5 17. Rac1 Qf6 18. Bg5 Qf5 19. Rd2 Nc4 20. Rdc2 Re1+ 21. Rxe1 Qxc2 22. Nd1 1/2-1/2

[Event "UK Blitz Championship"]
[Site "Leamington"]
[Date "2025.11.22"]
[Round "2.4"]
[White "Collins, Adam"]
[Black "Kozusek, Daniel"]
[Result "1/2-1/2"]
[WhiteElo "2271"]
[BlackElo "2316"]
[PlyCount "84"]
[EventDate "2025.11.22"]
[EventType "tourn (blitz)"]
[EventRounds "15"]
[EventCountry "GBR"]
[SourceTitle "BritBase"]
[Source "John Saunders"]
[SourceDate "2025.11.23"]
[SourceVersion "1"]
[SourceVersionDate "2025.11.23"]
[SourceQuality "1"]

1. d4 d5 2. c4 e6 3. Nf3 Nf6 4. g3 Nc6 5. Bg2 Bd6 6. O-O O-O 7. b3 a5 8. Nc3 Ne4 9. Bb2 Bb4 10. Nxe4 dxe4 11. Ne5 Nxe5 12. dxe5 e3 13. f4 Bd2 14. Qc2 a4 15. Rfd1 axb3 16. axb3 Rxa1 17. Bxa1 Qe7 18. Bc3 Qc5 19. Bxd2 exd2+ 20. Kf1 b5 21. Rxd2 Ba6 22. cxb5 Qxb5 23. Bf3 g6 24. Qxc7 Qxb3 25. Kg2 Qe3 26. Qc2 Kg7 27. Qb2 Rb8 28. Qd4 Qxd4 29. Rxd4 Rb2 30. Kf2 Ra2 31. Rd7 Bc4 32. Rc7 Bb5 33. h4 h5 34. Rc5 Ba6 35. Rc7 Bb5 36. Rb7 Bc4 37. Rb4 Ba6 38. Rd4 Bb5 39. Rd6 Bc4 40. Be4 Rxe2+ 41. Kf3 Ra2 42. Rd4 Ra3+ 1/2-1/2

[Event "UK Blitz Championship"]
[Site "Leamington"]
[Date "2025.11.22"]
[Round "2.5"]
[White "Vijayakumar, Rishi"]
[Black "Badacsonyi, Stanley"]
[Result "0-1"]
[WhiteElo "2399"]
[BlackElo "2447"]
[PlyCount "88"]
[EventDate "2025.11.22"]
[EventType "tourn (blitz)"]
[EventRounds "15"]
[EventCountry "GBR"]
[SourceTitle "BritBase"]
[Source "John Saunders"]
[SourceDate "2025.11.23"]
[SourceVersion "1"]
[SourceVersionDate "2025.11.23"]
[SourceQuality "1"]

1. d4 Nf6 2. c4 g6 3. Nc3 Bg7 4. e4 d6 5. Be2 O-O 6. Be3 Nc6 7. d5 Ne5 8. f4 Neg4 9. Bd2 Nh6 10. Nf3 c6 11. a4 e6 12. dxe6 Bxe6 13. O-O d5 14. cxd5 cxd5 15. e5 Nfg4 16. Nb5 Nf5 17. Qe1 Nge3 18. Ba5 b6 19. Bb4 Re8 20. Nbd4 Nxf1 21. Bxf1 Bf8 22. Bb5 Nxd4 23. Nxd4 Bd7 24. Bxf8 Rxf8 25. f5 Bxb5 26. axb5 Qg5 27. f6 Rfe8 28. Nf3 Qf4 29. Rd1 Rad8 30. Rd4 Qf5 31. Qe3 g5 32. h3 Qxf6 33. Rg4 h6 34. h4 Qf5 35. Qd4 Rc8 36. Nxg5 Rc4 37. Ne4+ Qxg4 38. Nf6+ Kh8 39. Qxg4 Rxg4 40. Nxg4 h5 41. Nh6 Kg7 42. Nf5+ Kg6 43. Nd6 Rxe5 44. Nc8 d4 0-1

[Event "UK Blitz Championship"]
[Site "Leamington"]
[Date "2025.11.22"]
[Round "2.6"]
[White "Gormally, Daniel W"]
[Black "Siva, Mahadevan"]
[Result "1-0"]
[WhiteElo "2485"]
[BlackElo "2365"]
[PlyCount "59"]
[EventDate "2025.11.22"]
[EventType "tourn (blitz)"]
[EventRounds "15"]
[EventCountry "GBR"]
[SourceTitle "BritBase"]
[Source "John Saunders"]
[SourceDate "2025.11.23"]
[SourceVersion "1"]
[SourceVersionDate "2025.11.23"]
[SourceQuality "1"]

1. e4 c5 2. Nc3 Nc6 3. Bb5 Nd4 4. Bc4 g6 5. Nf3 Bg7 6. Nxd4 cxd4 7. Qf3 Nh6 8. Ne2 O-O 9. d3 Ng4 10. Bb3 d6 11. h3 Ne5 12. Qg3 a5 13. a4 Qb6 14. O-O Nd7 15. Nf4 e6 16. h4 Nc5 17. Bc4 Bd7 18. h5 Rac8 19. hxg6 hxg6 20. Nh5 Nxe4 21. dxe4 Rxc4 22. Nxg7 Kxg7 23. b3 Rc3 24. Qh4 Rh8 25. Qe7 Qc7 26. Bg5 Rh5 27. Bf6+ Kg8 28. Bxd4 Rxc2 29. Rad1 Bc8 30. Qe8+ 1-0

[Event "UK Blitz Championship"]
[Site "Leamington"]
[Date "2025.11.22"]
[Round "2.7"]
[White "Czopor, Maciej"]
[Black "Bazakutsa, Svyatoslav"]
[Result "0-1"]
[WhiteElo "2377"]
[BlackElo "2404"]
[PlyCount "58"]
[EventDate "2025.11.22"]
[EventType "tourn (blitz)"]
[EventRounds "15"]
[EventCountry "GBR"]
[SourceTitle "BritBase"]
[Source "John Saunders"]
[SourceDate "2025.11.23"]
[SourceVersion "1"]
[SourceVersionDate "2025.11.23"]
[SourceQuality "1"]

1. e4 d6 2. d4 Nf6 3. Nc3 g6 4. f4 Bg7 5. Nf3 O-O 6. Be3 Ng4 7. Bg1 c5 8. h3 cxd4 9. Bxd4 Nf6 10. Qd2 Nc6 11. Bf2 Qa5 12. g4 b5 13. Bd3 b4 14. Ne2 d5 15. e5 Ne4 16. Bxe4 dxe4 17. Nfd4 Bb7 18. Nxc6 Bxc6 19. Qe3 f6 20. Nd4 Bd5 21. e6 f5 22. O-O fxg4 23. hxg4 Bxd4 24. Qxd4 Rxf4 25. Bg3 Rxg4 26. Rf7 Rxg3+ 27. Kh2 Rh3+ 28. Kg2 e3+ 29. Kg1 Rh1# 0-1

[Event "UK Blitz Championship"]
[Site "Leamington"]
[Date "2025.11.22"]
[Round "2.8"]
[White "Waldhausen Gordon, Frederick"]
[Black "Ganti, Shriaansh"]
[Result "1-0"]
[WhiteElo "2406"]
[BlackElo "2126"]
[PlyCount "55"]
[EventDate "2025.11.22"]
[EventType "tourn (blitz)"]
[EventRounds "15"]
[EventCountry "GBR"]
[SourceTitle "BritBase"]
[Source "John Saunders"]
[SourceDate "2025.11.23"]
[SourceVersion "1"]
[SourceVersionDate "2025.11.23"]
[SourceQuality "1"]

1. Nf3 c5 2. e4 Nf6 3. e5 Nd5 4. Nc3 e6 5. Ne4 f5 6. Nc3 Nb4 7. g3 Be7 8. Bg2 O-O 9. O-O d5 10. exd6 Bxd6 11. d4 cxd4 12. Nxd4 N4c6 13. Ndb5 Be5 14. Qxd8 Rxd8 15. Bg5 Re8 16. f4 Bxc3 17. bxc3 Na6 18. Nd6 Rf8 19. Rab1 h6 20. Bh4 Nc5 21. Rfe1 a6 22. Bxc6 bxc6 23. Be7 Bd7 24. Bxf8 Kxf8 25. Red1 Ke7 26. Nc4 Be8 27. Nb6 Ra7 28. Nc8+ 1-0

[Event "UK Blitz Championship"]
[Site "Leamington"]
[Date "2025.11.22"]
[Round "3.1"]
[White "Ganti, Shriaansh"]
[Black "D'Costa, Lorin AR"]
[Result "1-0"]
[WhiteElo "2126"]
[BlackElo "2349"]
[PlyCount "39"]
[EventDate "2025.11.22"]
[EventType "tourn (blitz)"]
[EventRounds "15"]
[EventCountry "GBR"]
[SourceTitle "BritBase"]
[Source "John Saunders"]
[SourceDate "2025.11.23"]
[SourceVersion "1"]
[SourceVersionDate "2025.11.23"]
[SourceQuality "1"]

1. e4 c5 2. Nf3 e6 3. c3 Nf6 4. e5 Nd5 5. d4 cxd4 6. Bc4 dxc3 7. Bxd5 cxb2 8. Bxb2 exd5 9. O-O Be7 10. Nc3 O-O 11. Nxd5 Nc6 12. Re1 b6 13. Re4 d6 14. Nxe7+ Qxe7 15. Qd5 Bb7 16. exd6 Qd8 17. Rg4 g6 18. Nd4 Na5 19. Nf5 h5 20. Rxg6+ 1-0

[Event "UK Blitz Championship"]
[Site "Leamington"]
[Date "2025.11.22"]
[Round "3.2"]
[White "Bazakutsa, Svyatoslav"]
[Black "Waldhausen Gordon, Frederick"]
[Result "0-1"]
[WhiteElo "2404"]
[BlackElo "2406"]
[PlyCount "104"]
[EventDate "2025.11.22"]
[EventType "tourn (blitz)"]
[EventRounds "15"]
[EventCountry "GBR"]
[SourceTitle "BritBase"]
[Source "John Saunders"]
[SourceDate "2025.11.23"]
[SourceVersion "1"]
[SourceVersionDate "2025.11.23"]
[SourceQuality "1"]

1. b3 Nf6 2. Bb2 g6 3. c4 Bg7 4. g3 O-O 5. Bg2 d6 6. d4 Nbd7 7. e3 c5 8. Ne2 Rb8 9. Nbc3 a6 10. a4 b6 11. O-O Bb7 12. d5 Ne8 13. Qc2 Nc7 14. e4 Ra8 15. Rad1 b5 16. a5 Bc8 17. f4 Nf6 18. e5 Ng4 19. Qc1 dxe5 20. h3 Nh6 21. fxe5 Rb8 22. d6 exd6 23. exd6 Ne6 24. Nd5 Qg5 25. Ne7+ Kh8 26. Bxg7+ Kxg7 27. Qc3+ f6 28. Rd5 b4 29. Qd3 f5 30. Nc6 Ra8 31. d7 Bb7 32. Rd6 Bxc6 33. Bxc6 Rad8 34. Rxe6 Nf7 35. Nf4 Kg8 36. Re8 Qf6 37. Rfe1 Qxc6 38. Rxd8 Rxd8 39. Re7 Kf8 40. Qe3 Rxd7 41. Re8+ Kg7 42. Ne6+ Kf6 43. Nf8 Rd1+ 44. Kf2 Qd6 45. Nxh7+ Kg7 46. Ng5 Rd2+ 47. Ke1 Rd3 48. Ne6+ Kf6 49. Qxc5 Rd1+ 50. Kf2 Qd2+ 51. Kf3 Rf1+ 52. Qf2 Qxf2# 0-1

[Event "UK Blitz Championship"]
[Site "Leamington"]
[Date "2025.11.22"]
[Round "3.3"]
[White "Siva, Mahadevan"]
[Black "Czopor, Maciej"]
[Result "1-0"]
[WhiteElo "2365"]
[BlackElo "2377"]
[PlyCount "65"]
[EventDate "2025.11.22"]
[EventType "tourn (blitz)"]
[EventRounds "15"]
[EventCountry "GBR"]
[SourceTitle "BritBase"]
[Source "John Saunders"]
[SourceDate "2025.11.23"]
[SourceVersion "1"]
[SourceVersionDate "2025.11.23"]
[SourceQuality "1"]

1. e4 c5 2. Nf3 e6 3. d4 cxd4 4. Nxd4 Nc6 5. Nc3 Bc5 6. Nb3 Bb4 7. Bd3 Nge7 8. O-O O-O 9. Qe2 f5 10. exf5 Nxf5 11. Ne4 d5 12. Ng3 Nxg3 13. hxg3 e5 14. c3 Be7 15. Be3 e4 16. Bc2 Ne5 17. Bf4 Bg4 18. f3 Nxf3+ 19. gxf3 Bxf3 20. Rxf3 exf3 21. Qxf3 Qb6+ 22. Kg2 Rad8 23. Re1 Rf7 24. Qe3 Qb5 25. Bd3 Qd7 26. Nd4 Bf8 27. Bc2 a6 28. Nf3 Re7 29. Qd3 g6 30. Rxe7 Qxe7 31. Bg5 Qe8 32. Bxd8 Qxd8 33. Bb3 1-0

[Event "UK Blitz Championship"]
[Site "Leamington"]
[Date "2025.11.22"]
[Round "3.4"]
[White "Badacsonyi, Stanley"]
[Black "Gormally, Daniel W"]
[Result "0-1"]
[WhiteElo "2447"]
[BlackElo "2485"]
[PlyCount "92"]
[EventDate "2025.11.22"]
[EventType "tourn (blitz)"]
[EventRounds "15"]
[EventCountry "GBR"]
[SourceTitle "BritBase"]
[Source "John Saunders"]
[SourceDate "2025.11.23"]
[SourceVersion "1"]
[SourceVersionDate "2025.11.23"]
[SourceQuality "1"]

1. d4 e6 2. c4 Nf6 3. Nc3 Bb4 4. e3 O-O 5. Bd2 b6 6. Nf3 Bb7 7. Bd3 c5 8. a3 Bxc3 9. Bxc3 cxd4 10. exd4 d5 11. b3 Nbd7 12. O-O dxc4 13. bxc4 Rc8 14. Qe2 Qc7 15. Rac1 Rfd8 16. a4 Nf8 17. Ne5 Ng6 18. f4 Ne7 19. Rce1 Nf5 20. d5 Nxd5 21. cxd5 Qxc3 22. Nxf7 Nd4 23. Qh5 Qxd3 24. Nxd8 Rxd8 25. dxe6 Qg6 26. Qh3 Nf5 27. e7 Re8 28. Re5 Bc8 29. Rfe1 Nd4 30. Qc3 Bb7 31. Rg5 Qf6 32. Qc4+ Kh8 33. Qc7 Qc6 34. Qxc6 Bxc6 35. Rd1 Ne6 36. Re5 Nc5 37. Rd6 Bxa4 38. Rd8 Kg8 39. Rf5 Ne6 40. Rxe8+ Bxe8 41. g4 a5 42. Re5 Kf7 43. f5 Nc5 44. Rd5 a4 45. Rd6 a3 46. Rd2 b5 0-1